Marketingové řízení malých a středních podniků
Enregistré dans:
| Auteur principal: | |
|---|---|
| Autres auteurs: | |
| Format: | Livre |
| Langue: | tchèque |
| Publié: |
Praha
Management Press
2005
|
| Collection: | Malé a střední podnikání
|
| Sujets: | |
| Tags: |
Pas de tags, Soyez le premier à ajouter un tag!
|
MARC
| LEADER | 00000nam$a2200000$$$4500 | ||
|---|---|---|---|
| 001 | 0036577 | ||
| 005 | 20240306141525.4 | ||
| 020 | |a 80-7261-120-8 | ||
| 041 | 0 | |a cze | |
| 044 | |a CZ | ||
| 245 | 1 | 0 | |a Marketingové řízení malých a středních podniků |c Karel Havlíček & Milan Kašík |
| 264 | 1 | |a Praha |b Management Press |c 2005 | |
| 300 | |a 171 s. | ||
| 490 | 1 | |a Malé a střední podnikání | |
| 830 | 0 | |a Malé a střední podnikání | |
| 610 | 2 | 0 | |a marketing manažment |
| 610 | 2 | 0 | |a podnik malý |
| 610 | 2 | 0 | |a podnik stredný |
| 610 | 2 | 0 | |a marketing |
| 610 | 2 | 0 | |a systém CRM |
| 610 | 2 | 0 | |a stratégia marketingová |
| 610 | 2 | 0 | |a komunikácia marketingová |
| 610 | 2 | 0 | |a internet |
| 610 | 2 | 0 | |a plán marketingový |
| 100 | 1 | |a Havlíček, Karel | |
| 700 | 1 | |a Kašík, Milan | |